000
00182 a2200097 4500
020
_a
9780888999818
041
_a
spa
100
_a
Argueta, Jorge
245
_a
Arroz co leche
942
_c
BK
999
_c
593
_d
593